| 000 | 00755cam a22002533a 4500 | ||
|---|---|---|---|
| 001 | 21540 | ||
| 003 | PGUSA | ||
| 005 | 20140828083446.0 | ||
| 008 | 070520s2007||||xxu|||||s|||||000 1 eng d | ||
| 040 |
_aPGUSA _beng |
||
| 042 | _adc | ||
| 050 | 4 | _aPR | |
| 245 | 1 | 0 |
_aHigh Noon : _bA New Sequel to 'Three Weeks' _h[electronic resource] |
| 260 |
_bProject Gutenberg, _c2007 |
||
| 500 | _aConjecturally attributed to Elinor Glyn, author of 'Three weeks,' #8899. | ||
| 506 | _aPublic domain in the USA. | ||
| 516 | _aElectronic text | ||
| 653 | _aBritish -- Europe -- Fiction | ||
| 653 | _aLove stories | ||
| 700 | 1 |
_aGlyn, Elinor, _d1864-1943 |
|
| 830 | 0 |
_aProject Gutenberg _v21540 |
|
| 856 | 4 | 0 | _uhttp://www.gutenberg.org/ebooks/21540 |
| 942 | _cEB | ||
| 999 |
_c250795 _d250795 |
||